000 00269nam a2200145Ia 4500
100 _aStaredu
942 _cBK
366 _f20
654 _amaster java
245 _aLearn to master java
260 _bStaredu
300 _a388
546 _aENGLISH
999 _c33981
_d33981